Southville International School and Colleges
Your cart is empty.
  • Cart
  • Lists
    Public lists Eva Luna New books Lux_list list_1
    Your lists Log in to create your own lists
  • Log in to your account
  • Your cookies
  • Search history
Southville International School and Colleges
  • Advanced search
  • Recent comments
  • Most popular
  • Libraries

Log in to your account

Log in with GOOGLE


If you do not have an external account, but do have a local account, you can still log in:

  1. Home
  2. MARC view: The learning leader :
Normal view MARC view ISBD view

The learning leader : (Record no. 12543)

[ view plain ]
MARC details
000 -LEADER
fixed length control field 01195cam a22003254a 4500
001 - CONTROL NUMBER
control field 14184916
003 - CONTROL NUMBER IDENTIFIER
control field OSt
005 - DATE AND TIME OF LATEST TRANSACTION
control field 20160603142338.0
008 - FIXED-LENGTH DATA ELEMENTS--GENERAL INFORMATION
fixed length control field 051130s2006 vaua b 001 0 eng
010 ## - LIBRARY OF CONGRESS CONTROL NUMBER
LC control number 2005034560
020 ## - INTERNATIONAL STANDARD BOOK NUMBER
International Standard Book Number 9781416603320 (alk. paper)
020 ## - INTERNATIONAL STANDARD BOOK NUMBER
International Standard Book Number 1416603328 (alk. paper)
040 ## - CATALOGING SOURCE
Original cataloging agency DLC
Transcribing agency DLC
Modifying agency DLC
042 ## - AUTHENTICATION CODE
Authentication code pcc
043 ## - GEOGRAPHIC AREA CODE
Geographic area code n-us---
050 00 - LIBRARY OF CONGRESS CALL NUMBER
Classification number LB 2805
Item number .R42 2006
082 00 - DEWEY DECIMAL CLASSIFICATION NUMBER
Classification number GLT 371.20
Item number R25 2006
100 1# - MAIN ENTRY--PERSONAL NAME
Personal name Reeves, Douglas B.,
Dates associated with a name 1953-
9 (RLIN) 22501
245 14 - TITLE STATEMENT
Title The learning leader :
Statement of responsibility, etc Douglas B. Reeves.
Remainder of title how to focus school improvement for better results /
260 ## - PUBLICATION, DISTRIBUTION, ETC. (IMPRINT)
Place of publication, distribution, etc Alexandria, Va. :
Name of publisher, distributor, etc Association for Supervision and Curriculum Development,
Date of publication, distribution, etc 2006.
300 ## - PHYSICAL DESCRIPTION
Extent 221 p. :
Other physical details ill. ;
Dimensions 24 cm.
650 #0 - SUBJECT ADDED ENTRY--TOPICAL TERM
Topical term or geographic name as entry element Educational leadership
Geographic subdivision United States.
9 (RLIN) 22502
650 #0 - SUBJECT ADDED ENTRY--TOPICAL TERM
Topical term or geographic name as entry element Educational accountability
Geographic subdivision United States.
9 (RLIN) 22503
650 #0 - SUBJECT ADDED ENTRY--TOPICAL TERM
Topical term or geographic name as entry element School improvement programs
Geographic subdivision United States.
9 (RLIN) 22504
906 ## - LOCAL DATA ELEMENT F, LDF (RLIN)
a 7
b cbc
c orignew
d 1
e ecip
f 20
g y-gencatlg
942 ## - ADDED ENTRY ELEMENTS (KOHA)
Source of classification or shelving scheme Library of Congress Classification
Koha item type Books
Holdings
Withdrawn status Lost status Source of classification or shelving scheme Damaged status Home library Current library Shelving location Date acquired Source of acquisition Total Checkouts Full call number Barcode Date last seen Copy number Price effective from Koha item type
    Library of Congress Classification   Luxembourg Library Luxembourg Library Genevive Ledesma - Tan Section 10/01/2013 Donation   LB 2805 .R42 2006 14463 10/01/2013 1 10/01/2013 Books
    Library of Congress Classification   Luxembourg Library Luxembourg Library Genevive Ledesma - Tan Section 10/01/2013 Donation   LB 2805 .R42 2006 14447 10/01/2013 2 10/01/2013 Books

The learning leader :

APA

Reeves D. B., . (2006). The learning leader. Alexandria, Va: Association for Supervision and Curriculum Development.

Chicago

Reeves Douglas B, . 2006. The learning leader. Alexandria, Va: Association for Supervision and Curriculum Development.

Harvard

Reeves D. B., . (2006). The learning leader. Alexandria, Va: Association for Supervision and Curriculum Development.

MLA

Reeves Douglas B, . The learning leader. Alexandria, Va: Association for Supervision and Curriculum Development. 2006.

  • Place hold
  • Print
  • Cite
  • Add to your cart (remove)
  • Save record
    BIBTEX Dublin Core MARCXML MARC (non-Unicode/MARC-8) MARC (Unicode/UTF-8) MARC (Unicode/UTF-8, Standard) MODS (XML) RIS
  • More searches
    Search for this title in:
    Other Libraries (WorldCat) Other Databases (Google Scholar) Online Stores (Bookfinder.com) Open Library (openlibrary.org)

Exporting to Dublin Core...

SOUTHVILLE LIBRARY

Southville International School and Colleges Library

1281 Tropical Ave. Cor. Luxembourg St., BF Homes International, Las Pinas City

Tel. No. 8256374 / 252358 Loc. 117/146

Powered by Koha